ARRUPE JESUIT UNIVERSITY

CORONAVIRUS -STOP THE SPREAD - CLEAN,DISINFECT,COVER

Les Romans de Robbe-Grillet: (Record no. 123758)

MARC details
000 -LEADER
fixed length control field 00491nam a22001577a 4500
008 - FIXED-LENGTH DATA ELEMENTS--GENERAL INFORMATION
fixed length control field 151105b xxu||||| |||| 00| 0 eng d
020 ## - INTERNATIONAL STANDARD BOOK NUMBER
International Standard Book Number 270730025x
050 ## - LIBRARY OF CONGRESS CALL NUMBER
Classification number PQ2635.O1117 Z76
100 ## - MAIN ENTRY--PERSONAL NAME
Personal name Morrissette, Bruce
9 (RLIN) 20990
245 ## - TITLE STATEMENT
Title Les Romans de Robbe-Grillet:
Remainder of title preface de roland barthes
Statement of responsibility, etc /by Bruce Morrissette
260 ## - PUBLICATION, DISTRIBUTION, ETC. (IMPRINT)
Place of publication, distribution, etc Paris
Name of publisher, distributor, etc Les editions de minuit
Date of publication, distribution, etc 1963
300 ## - PHYSICAL DESCRIPTION
Extent 308p. ;
Dimensions 22cm
440 ## - SERIES STATEMENT/ADDED ENTRY--TITLE
Title Arguments
9 (RLIN) 20991
650 ## - SUBJECT ADDED ENTRY--TOPICAL TERM
Topical term or geographic name as entry element Robbe-Grillet
9 (RLIN) 20992
942 ## - ADDED ENTRY ELEMENTS (KOHA)
Source of classification or shelving scheme Library of Congress Classification
Item type Monograph ( Printed materials)
Holdings
Withdrawn status Lost status Source of classification or shelving scheme Damaged status Not for loan Collection code Home library Current library Shelving location Date acquired Total Checkouts Full call number Barcode Date last seen Price effective from Koha item type
    Library of Congress Classification     Main Collection ARRUPE LIBRARY ARRUPE LIBRARY Main Collection 05/11/2015   PQ2635.O1117 Z76 46500005612 26/03/2019 05/11/2015 Monograph ( Printed materials)

 

Arrupe Library. PO Box MP320 Mt Pleasant, Harare, Zimbabwe
263 242 745411|librarian@aju.ac.zw